000 00825nam a2200169 a 4500
008 090526s1992 ||||||||||||||||| || u
020 _a9280504339
050 _aWIPO(02)
110 _aWorld Intellectual Proerty Organization (WIPO)
245 1 0 _aNice Agreement Concerning the International Classification of Goods and Services for the Purposes of the Registration Marks
260 _aGeneva
_bWIPO
_c1992
300 _a19p.
350 _a0.00
650 _aINTELLECTUAL PROPERTY RIGHTS
995 _aSPECIAL COLLECTIONS
_D0.00
_e03004285
_FCBU-MAIN LIBRARY (Kitwe)
_H1
_I0.00
_jWIPO(02)1992/2A
_M1
_UAVAILABLE
_WJul 1, 2009
_yZ03004285
_ZInternational Publications
995 _aSPECIAL COLLECTIONS
_D0.00
_e03004287
_FCBU-MAIN LIBRARY (Kitwe)
_H1
_I0.00
_jWIPO(02)1992/2B
_M2
_UAVAILABLE
_WJul 1, 2009
_yZ03004287
_ZInternational Publications
999 _c78810
_d78810